|
|
|
|
| LEADER |
01819nam a2200433 i 4500 |
| 001 |
EBC1760092 |
| 003 |
MiAaPQ |
| 005 |
20200520144314.0 |
| 006 |
m o d | |
| 007 |
cr cnu|||||||| |
| 008 |
140816t20142014dcuad ob 000 0 eng d |
| 020 |
|
|
|z 9781498367868
|
| 020 |
|
|
|a 9781498374439
|q (electronic bk.)
|
| 035 |
|
|
|a (MiAaPQ)EBC1760092
|
| 035 |
|
|
|a (Au-PeEL)EBL1760092
|
| 035 |
|
|
|a (CaPaEBR)ebr10904748
|
| 035 |
|
|
|a (CaONFJC)MIL634082
|
| 035 |
|
|
|a (OCoLC)886114969
|
| 040 |
|
|
|a MiAaPQ
|b eng
|e rda
|e pn
|c MiAaPQ
|d MiAaPQ
|
| 043 |
|
|
|a e-pl---
|
| 050 |
|
4 |
|a HC340.3
|b .R478 2014
|
| 082 |
0 |
|
|a 330.9438022
|2 23
|
| 245 |
0 |
0 |
|a Republic of Poland :
|b selected issues.
|
| 264 |
|
1 |
|a Washington, District of Columbia :
|b International Monetary Fund,
|c 2014.
|
| 264 |
|
4 |
|c 2014
|
| 300 |
|
|
|a 1 online resource (103 pages) :
|b illustrations (some color), charts, graphs, tables.
|
| 336 |
|
|
|a text
|2 rdacontent
|
| 337 |
|
|
|a computer
|2 rdamedia
|
| 338 |
|
|
|a online resource
|2 rdacarrier
|
| 490 |
0 |
|
|a IMF Country Reports ;
|v 14/174
|
| 504 |
|
|
|a Includes bibliographical references.
|
| 588 |
|
|
|a Description based on online resource; title from PDF cover (ebrary, viewed August 15, 2014).
|
| 590 |
|
|
|a Electronic reproduction. Ann Arbor, MI : ProQuest, 2015. Available via World Wide Web. Access may be limited to ProQuest affiliated libraries.
|
| 650 |
|
0 |
|a International economic relations.
|
| 651 |
|
0 |
|a Poland
|x Economic conditions.
|
| 655 |
|
4 |
|a Electronic books.
|
| 776 |
0 |
8 |
|i Print version:
|t Republic of Poland : selected issues.
|d Washington, District of Columbia : International Monetary Fund, c2014
|h 101 pages
|k IMF Country Reports ; 14/174
|z 9781498367868
|
| 797 |
2 |
|
|a ProQuest (Firm)
|
| 856 |
4 |
0 |
|u https://ebookcentral.proquest.com/lib/matrademy/detail.action?docID=1760092
|z Click to View
|